| 000 | 01076nmm a2200337 a 4500 | ||
|---|---|---|---|
| 001 | ocm0002347973 | ||
| 003 | TR-IsHL | ||
| 005 | 20201028185239.0 | ||
| 008 | 190904s2017 tu tur | ||
| 007 | cr cn | ||
| 020 | _a9786054977871 | ||
| 035 |
_a2347973 _b(N$T) |
||
| 050 | 0 | 4 |
_aPJ7826.I2 _bR3619 2017 |
| 090 | 0 | 4 |
_aPJ7826.I2 _bR3619 2017 |
| 100 | 1 | _aCibran, Halil | |
| 245 | 1 | 0 |
_aAforizmalar _h[electronic resource] / _cHalil Cibran ; çeviren Orhan Düz ; editör İrfan Bülbül |
| 250 | _a1. Baskı | ||
| 260 |
_aİstanbul : _bİlgi Kültür Sanat Yayıncılık , _c2017 |
||
| 300 | _a280 p. | ||
| 650 | 4 | _aDil ve Edebiyat | |
| 650 | 4 | _aLanguage and Literature | |
| 650 | 0 | _aGibran, Kahlil, 1883-1931 | |
| 650 | 0 | _aÖzdeyişler | |
| 650 | 0 | _aAphorisms and apothegms | |
| 650 | 0 | _aMistisizm | |
| 650 | 0 | _aMysticism | |
| 650 | 7 |
_aLITERARY COLLECTIONS / Middle Eastern _2bisacsh |
|
| 700 | 1 | _aDüz, Orhan | |
| 700 | 1 | _aBülbül, İrfan | |
| 856 | 4 | 0 | _uhttp://search.ebscohost.com/login.aspx?direct=true&scope=site&db=e011xww&AN=2347973 |
| 999 |
_c21375 _d21375 |
||